000 01262nam a22002777a 4500
001 82832
003 UA-OsUOA
005 20210721214812.0
007 ta
008 20120320b un ||||| |||| 00| 0 ukr d
040 _aUA-OsUOA
_bukr
_cUA-OsUOA
_dUA-OsUOA
041 _aukr
080 _a82-94
090 _a82-94
_bО-58
100 _aОнацький Є.
245 _aШляхом на Роттердам
260 _aБуенос-Айрес
_c1983
_bВидавництво Юліяна Середяка
300 _a180 с.
520 _aУ виданні представлено публікації Є. Онацького ("Шляхом на Роттердам"), Дм. Андрієвського ("Навколо Роттердаму"), О. Семененко ("Сліди Полуведька"), З. Ірчанського ("Звеличування Юди"), Я. Гайваса ("Пора висвітлити факти").
594 _aЕкслібріс професора Любомира Винара
650 7 _a82 Література. Літературознавство
_2UDC
700 1 _aОнацький Є.
942 _cBK
_2udc
955 _a2
999 _c369150
_d369150